Noticias del mundo real / (Record no. 24384)
[ view plain ]
| 000 -LEADER | |
|---|---|
| fixed length control field | 00672cam a22002537a 4500 |
| 001 - CONTROL NUMBER | |
| control field | sjds11763673 |
| 003 - CONTROL NUMBER IDENTIFIER | |
| control field | sjds |
| 005 - DATE AND TIME OF LATEST TRANSACTION | |
| control field | 20200311123929.0 |
| 008 - FIXED-LENGTH DATA ELEMENTS--GENERAL INFORMATION | |
| fixed length control field | 990720s1999 sp 000 0 spa |
| 010 ## - LIBRARY OF CONGRESS CONTROL NUMBER | |
| LC control number | 99228285 |
| 020 ## - INTERNATIONAL STANDARD BOOK NUMBER | |
| International Standard Book Number | 8483100894 |
| 035 ## - SYSTEM CONTROL NUMBER | |
| System control number | (DLC) 99228285 |
| 040 ## - CATALOGING SOURCE | |
| Original cataloging agency | DLC |
| Transcribing agency | DLC |
| 041 ## - LANGUAGE CODE | |
| Language code of text/sound track or separate title | spa |
| 050 #0 - LIBRARY OF CONGRESS CALL NUMBER | |
| Classification number | MLCS 99/04031 (P) |
| 100 1# - MAIN ENTRY--PERSONAL NAME | |
| Personal name | Minana, Juan. |
| 245 10 - TITLE STATEMENT | |
| Title | Noticias del mundo real / |
| Statement of responsibility, etc. | Juan Minana. |
| 250 ## - EDITION STATEMENT | |
| Edition statement | 1. ed. |
| 260 ## - PUBLICATION, DISTRIBUTION, ETC. (IMPRINT) | |
| Place of publication, distribution, etc. | Barcelona : |
| Name of publisher, distributor, etc. | Tusquets Editores, |
| Date of publication, distribution, etc. | 1999. |
| 300 ## - PHYSICAL DESCRIPTION | |
| Extent | 229 p. ; |
| Dimensions | 21 cm. |
| 490 0# - SERIES STATEMENT | |
| Series statement | Coleccion Andanzas ; |
| Volume/sequential designation | 364 |
| 942 ## - ADDED ENTRY ELEMENTS (KOHA) | |
| Koha item type | Libro/Book |
| Source of classification or shelving scheme | Dewey Decimal Classification |
| Withdrawn status | Lost status | Damaged status | Not for loan | Home library | Current library | Shelving location | Date acquired | Inventory number | Total Checkouts | Total Renewals | Full call number | Barcode | Checked out | Date last seen | Date checked out | Price effective from | Koha item type |
|---|---|---|---|---|---|---|---|---|---|---|---|---|---|---|---|---|---|
| San Juan Del Sur -- Biblioteca | San Juan Del Sur -- Biblioteca | Children's Area | 18/04/2014 | Checked out from 2023 - Jan 2025 | 2 | 2 | JF | 30001336 | 14/07/2023 | 07/07/2023 | 07/07/2023 | 18/04/2014 | Libro/Book |